000
00307nam a2200121Ia 4500
008
190216s9999||||xx |||||||||||||| ||und||
100
_a
Daily G H&Amp; Bausor H W
245
0
_a
Chemistry For Matriculation
260
_b
University Press
_c
1958
300
_a
486p
650
_a
Chemistry-Chemistry
942
_c
BK
999
_c
1951
_d
1951